Guess the Blockbusters in 3 words #1 - Statistics

General Stats
  • This quiz has been taken 40 times
  • The average score is 7 of 10
Answer Stats
3 words Movies % Correct
Dinosaur, Island, Adventure Jurassic Park
100%
Space, War, Force Star Wars
100%
Iceberg, Love, Shipwreck Titanic
100%
Rome, Revenge, Arena Gladiator
87%
Mafia, Family, Power Godfather
74%
Simulation, Reality, Rebellion Matrix
59%
Dwarf, Travel, Magic The Lord of the Rings
59%
Race, Chocolate, Life Forrest Gump
51%
Music, Dreams, Los Angeles Lalaland
41%
Space, Time, Dimension Interstellar
28%
No matching quizzes found
Score Distribution
Percent of People with Each Score
Percentile by Number Answered
Your Score History
You have not taken this quiz